<?xml version="1.0" encoding="UTF-8"?>
<collection xmlns="http://www.loc.gov/MARC21/slim">
    <record>
        <controlfield tag="001">86127</controlfield>
        <controlfield tag="005">20191128095708.0</controlfield>
        <datafield tag="024" ind1="7" ind2=" ">
            <subfield code="2">doi</subfield>
            <subfield code="a">10.1016/j.econmod.2018.11.009</subfield>
        </datafield>
        <datafield tag="024" ind1="8" ind2=" ">
            <subfield code="2">sideral</subfield>
            <subfield code="a">109547</subfield>
        </datafield>
        <datafield tag="037" ind1=" " ind2=" ">
            <subfield code="a">ART-2018-109547</subfield>
        </datafield>
        <datafield tag="041" ind1=" " ind2=" ">
            <subfield code="a">eng</subfield>
        </datafield>
        <datafield tag="100" ind1=" " ind2=" ">
            <subfield code="0">(orcid)0000-0001-6609-4247</subfield>
            <subfield code="a">Gadea-Rivas, M.D.</subfield>
            <subfield code="u">Universidad de Zaragoza</subfield>
        </datafield>
        <datafield tag="245" ind1=" " ind2=" ">
            <subfield code="a">Increasing linkages among European regions. The role of sectoral composition</subfield>
        </datafield>
        <datafield tag="260" ind1=" " ind2=" ">
            <subfield code="c">2018</subfield>
        </datafield>
        <datafield tag="506" ind1="0" ind2=" ">
            <subfield code="a">Access copy available to the general public</subfield>
            <subfield code="f">Unrestricted</subfield>
        </datafield>
        <datafield tag="520" ind1="3" ind2=" ">
            <subfield code="a">This paper analyses changes in economic regional interlinkages in Europe over time and investigates the factors that could explain the dynamics of these changes. Our four main findings are the following: (i) we detect a significant surge in regional synchronisation after the Great Recession; (ii) we identify the regions most interrelated with the rest of Europe, namely, Ile de France, Inner London and Lombardia; (iii) we find that sectoral composition explains regional synchronisation in Europe, mainly after the Great Recession and (iv) we document that sectoral composition has important implications for aggregate economic fluctuations, in particular, that similarities in services-related sectors across regions explain a nonlinear relationship between sectoral composition and regional business cycle synchronisation. We also propose a new method to measure time-varying synchronisation in small samples that combines regime-switching models and dynamic model averaging.</subfield>
        </datafield>
        <datafield tag="536" ind1=" " ind2=" ">
            <subfield code="9">info:eu-repo/grantAgreement/ES/MICINN/ECO2017-83255-C3-1-P</subfield>
            <subfield code="9">info:eu-repo/grantAgreement/ES/MICINN/ECO2017-83255-C3-3-P</subfield>
        </datafield>
        <datafield tag="540" ind1=" " ind2=" ">
            <subfield code="9">info:eu-repo/semantics/openAccess</subfield>
            <subfield code="a">by-nc-nd</subfield>
            <subfield code="u">http://creativecommons.org/licenses/by-nc-nd/3.0/es/</subfield>
        </datafield>
        <datafield tag="590" ind1=" " ind2=" ">
            <subfield code="a">2.056</subfield>
            <subfield code="b">2018</subfield>
        </datafield>
        <datafield tag="591" ind1=" " ind2=" ">
            <subfield code="a">ECONOMICS</subfield>
            <subfield code="b">93 / 363 = 0.256</subfield>
            <subfield code="c">2018</subfield>
            <subfield code="d">Q2</subfield>
            <subfield code="e">T1</subfield>
        </datafield>
        <datafield tag="592" ind1=" " ind2=" ">
            <subfield code="a">1.039</subfield>
            <subfield code="b">2018</subfield>
        </datafield>
        <datafield tag="593" ind1=" " ind2=" ">
            <subfield code="a">Economics and Econometrics</subfield>
            <subfield code="c">2018</subfield>
            <subfield code="d">Q2</subfield>
        </datafield>
        <datafield tag="655" ind1=" " ind2="4">
            <subfield code="a">info:eu-repo/semantics/article</subfield>
            <subfield code="v">info:eu-repo/semantics/acceptedVersion</subfield>
        </datafield>
        <datafield tag="700" ind1=" " ind2=" ">
            <subfield code="a">Gómez-Loscos, A.</subfield>
        </datafield>
        <datafield tag="700" ind1=" " ind2=" ">
            <subfield code="a">Leiva-Leon, D.</subfield>
        </datafield>
        <datafield tag="710" ind1="2" ind2=" ">
            <subfield code="1">4008</subfield>
            <subfield code="2">225</subfield>
            <subfield code="a">Universidad de Zaragoza</subfield>
            <subfield code="b">Dpto. Estruc.Hª Econ.y Eco.Pb.</subfield>
            <subfield code="c">Área Economía Aplicada</subfield>
        </datafield>
        <datafield tag="773" ind1=" " ind2=" ">
            <subfield code="g">80 (2018), 222-243</subfield>
            <subfield code="p">Econ. model.</subfield>
            <subfield code="t">ECONOMIC MODELLING</subfield>
            <subfield code="x">0264-9993</subfield>
        </datafield>
        <datafield tag="856" ind1="4" ind2=" ">
            <subfield code="s">2993050</subfield>
            <subfield code="u">http://zaguan.unizar.es/record/86127/files/texto_completo.pdf</subfield>
            <subfield code="y">Postprint</subfield>
        </datafield>
        <datafield tag="856" ind1="4" ind2=" ">
            <subfield code="s">34740</subfield>
            <subfield code="u">http://zaguan.unizar.es/record/86127/files/texto_completo.jpg?subformat=icon</subfield>
            <subfield code="x">icon</subfield>
            <subfield code="y">Postprint</subfield>
        </datafield>
        <datafield tag="909" ind1="C" ind2="O">
            <subfield code="o">oai:zaguan.unizar.es:86127</subfield>
            <subfield code="p">articulos</subfield>
            <subfield code="p">driver</subfield>
        </datafield>
        <datafield tag="951" ind1=" " ind2=" ">
            <subfield code="a">2019-11-22-14:40:59</subfield>
        </datafield>
        <datafield tag="980" ind1=" " ind2=" ">
            <subfield code="a">ARTICLE</subfield>
        </datafield>
    </record>

    
</collection>